000 00527nam a2200181Ia 4500
005 20250508152246.0
008 008 250505s9999 xx 000 0 eng d
037 _aTextual
040 _aFEDL
_beng
_cFEDL
041 _aeng
_2eng
084 _a618.92, WIN
_qFEDL
100 _aWinnicott D W
245 0 _aCollected papers: Through paediatrics to psycho-analysis
260 _aLondon, UK
_bTavistock Publications Ltd.
_c1958
300 _aix,350p
942 _cTEXL
_h618.92, WIN
999 _c1335349
_d1335349